Els primers temps de Jaume I / Ferran Soldevila
Descripción Física:
300 p. ; 25 cm
MARC
| LEADER | 00000nam a2200000Ia 4500 | ||
|---|---|---|---|
| 001 | 10400 | ||
| 008 | 160829s1968 xx 000 0 cat d | ||
| 080 | |a H-1-251 | ||
| 100 | 1 | |a Soldevila, Ferran, |d 1894-1971 |9 35828 | |
| 245 | |a Els primers temps de Jaume I / Ferran Soldevila | ||
| 260 | |a Barcelona : |b Institut d'Estudis Catalans, |c 1968 | ||
| 300 | |a 300 p. ; |c 25 cm | ||
| 490 | |a Memòries de la Secció Històrico Arqueològica ; 27 | ||
| 590 | |a Referències bibliogràfiques | ||
| 600 | 0 | 0 | |a Jaume |b I, |c rei de Catalunya-Aragó, |d 1208-1276 |9 22675 |
| 651 | 0 | |a Catalunya |x Història |y 476-1492, Edat mitjana |9 55929 | |
| 710 | 2 | |a Institut d'Estudis Catalans |9 52284 | |
| 901 | |a Arxiu | ||
| 942 | |n 1 | ||
| 952 | |0 0 |1 0 |4 0 |6 H1251 |7 1 |9 45977 |a Arxiu |b Arxiu |d 2016-12-01 |l 0 |o H-1-251 |p 10400 |r 2016-12-01 00:00:00 |w 2016-12-01 |y ARXIU | ||
| 999 | |c 49478 |d 49478 | ||